| 000 | 00815nam a2200217Ia 4500 | ||
|---|---|---|---|
| 003 | GCL | ||
| 008 | 140319s9999 xx 000 0 ara d | ||
| 020 | _a3221299953 | ||
| 040 |
_aGCL / _cGCL |
||
| 082 | 0 | 4 |
_a327.114 _bر ع |
| 100 | 1 | _aرتليدج، ايان | |
| 245 | 1 | 0 |
_aالعطش الى النفط : _bماذا تفعل أمريكا بالعالم لضمان أمنها النفطى ؟ / _cرتليدج، ايان |
| 700 | 1 | _aمازن الجندلى | |
| 250 | _aالاولى | ||
| 260 |
_aبيروت : _bالدار العربية للعلوم ، _c2006 |
||
| 300 |
_a312 سم ؛ _c24 سم |
||
| 650 | 0 | 4 | _aمصادر الطاقة |
| 650 | 0 | 4 | _aالبترول - اقتصاديات |
| 650 | 0 | 4 | _aالبترول - اتفاقيات - الولايات المتحدة الامريكية |
| 942 |
_2ddc _cBK |
||
| 999 |
_c9444 _d9444 |
||